| Поле | Инд. | ПП | Название | Значение |
|---|---|---|---|---|
| Тип записи | a | |||
| Библиографический уровень | a | |||
| 001 | Контрольный номер | 23a8b418344442c38f08e4a309f35ab7 | ||
| 005 | Дата корректировки | 20241212100100.7 | ||
| 020 | a | ISBN | 978-5-7995-1373-3 | |
| 041 | 0_ | a | Код языка текста | rus |
| 080 | a | Индекс УДК | 658.567.1 | |
| 097 | b | Оператор | *Плё* | |
| 100 | 1_ | a | Автор | Петропавловская В.Б. |
| 245 | 10 | a | Заглавие | Модификация высокопрочного гипсового вяжущего золошлаковыми отходами |
| b | Продолж. заглавия | статья | ||
| p | Название части/ раздела | - Текст : электронный | ||
| 260 | a | Место издания | Тверь | |
| b | Издательство | ТвГТУ | ||
| 520 | 0_ | a | Аннотация | В статье представлены результаты исследования физико-механических характеристик высокопрочного гипса марки Г-16, модифицированного золошлаковыми отходами (ЗШО). Дана сравнительная характеристика применения алюмосиликатного и углеродного компонента отхода. Сделан вывод о целесообразности применения ЗШО для получения строительных материалов с целью снижения их стоимости и экологической нагрузки. |
| 653 | 0_ | a | Ключевые слова | Высокопрочный гипс |
| a | Ключевые слова | Золошлаковые отходы | ||
| a | Ключевые слова | Прочность | ||
| a | Ключевые слова | Эффективность | ||
| 700 | 12 | a | Другие авторы | Петропавловский К.С. |
| 700 | 12 | a | Другие авторы | Новиченкова Т.Б. |
| 773 | 18 | w | Контрольный № источника | b5f2281a861a4b79b61d0f71db93efb4 |
| t | Название источника | Инновации и моделирование в строительном материаловедении и строительстве | ||
| d | Место и дата издания | Тверь : ТвГТУ, 2024 | ||
| g | Прочая информация | С. 96-103 | ||
| 900 | a | Имя макрообъекта | 001-000164445-000000000-0000-0000-01 | |
| 901 | t | Тип документа | a | |
| 950 | a | Редактор записи | ст | |
| 951 | i | EL-ТГТУ? | да |